Catalog

Record Details

Catalog Search



Tenkrát  Cover Image DVD DVD

Tenkrát / Robert Sedláček ; Člověk v tísni, Česká televize

Sedláček, Robert (Author).

Record details

  • Physical Description: 101 min.
  • Publisher: Praha Česká televize 1999

Content descriptions

General Note:
DVD

Available copies

  • 1 of 1 copy available at Common Catalog SPOK.

Holds

  • 0 current holds with 1 total copy.
Show Only Available Copies
Location Call Number / Copy Notes Barcode Shelving Location Status Due Date
Jabok Library V-058 424480023911 CD/DVD Available -

LDR 00703ngm a22 a 4500
00113126
003CZ-PrJAB
00520120418102729.0
007vd v
008100715s1999 xr e |||| |cze
009cz
035 . ‡a(CONS)13126
035 . ‡aKPS0019715
0410 . ‡acze
10011. ‡711645 ‡aSedláček, Robert
2451 . ‡aTenkrát / ‡cRobert Sedláček ; Člověk v tísni, Česká televize
260 . ‡aPraha ‡bČeská televize ‡c1999
300 . ‡a101 min.
4901 . ‡aJeden svět na školách ‡v13
500 . ‡aDVD
653 . ‡adějiny ČSSR ‡a1989 ‡a17. listopad 1989 ‡asametová revoluce ‡aObčanské fórum ‡aHavel Václav
694 . ‡a132/AUD
999 . ‡a132/A ‡c132/A ‡i424480023911 ‡tA
910 . ‡aABG312
901 . ‡a13126 ‡bUnknown ‡c13126 ‡tbiblio

Additional Resources